000 00230nam a22000857a 4500
008 161112b xxu||||| |||| 00| 0 eng d
100 _91160
_aTayal.B.B.etal.
245 _aSocial Science-VIII
260 _aNew Delhi
_bAPC Publications
_c2010
999 _c3820
_d3820